Statistics for New-Gen Girl Group by Song (Kpop)

Click here to take the quiz!

General Stats

  • This quiz has been taken 319 times
  • The average score is 8 of 14

Answer Stats

Song Group % Correct
Like OOH-AHHTwice
100%
BoombayahBlack Pink
90%
Very Very VeryIOI
88%
Dumb DumbRed Velvet
87%
RoughGFriend
77%
HobgoblinCLC
76%
Wee WooPristin
74%
April StoryApril
65%
Candy Jelly LoveLovelyz
40%
Windy DayOh My Girl
35%
A Girl Like MeGugudan
31%
Will You Go Out With Me?DIA
27%
SecretWJSN
26%
Don't BelieveBerry Good
14%

Score Distribution

Percentile by Number Answered

Percent of People with Each Score

Your Score History

You have not taken this quiz